| 000 | 00523 a2200193 4500 | ||
|---|---|---|---|
| 005 | 20240529130253.0 | ||
| 010 | _aB-759235 | ||
| 020 |
_a9789354712524 _c295.00 |
||
| 035 | _aB-759235 | ||
| 037 | _bGift | ||
| 082 | _a950 | ||
| 100 |
_aDeary, Terry _967041 |
||
| 245 |
_aHorrible History/ _bTerry Deary |
||
| 260 |
_aNew York _bScholastic Inc. _c2023 |
||
| 270 |
_aNew York _bNew York |
||
| 300 |
_a140 p. _c19 cm(Pb) |
||
| 942 |
_adpl _cCH _2ddc _h950 _mDEA |
||
| 999 |
_c203360 _d203360 |
||